000 00560nam a22001937a 4500
003 OSt
008 260430b |||||||| |||| 00| 0 eng d
082 _a633.84
_bA27S
100 _aAjay Kumar
245 _aStudies on Heterosis and Combining Ability in F1 and F2 Population in Chilli (capsicum annuum L.)
_cby Ajay Kumar
260 _a.- Sabour, Bhagalpur
_b: Bihar Agricultural College, RAU
_c,1992
300 _a157p.
502 _bPh. D.
_d1992
650 _aHorticulture
650 _aChilli
650 _aThesis
650 _aPh. D.
942 _2ddc
_cT
999 _c50318
_d50318